General Mosconi : (Registro nro. 54443)
[ vista simple ]
| 000 -LEADER | |
|---|---|
| campo de control de longitud fija | 02436nam a2200325 a 4500 |
| 001 - NÚMERO DE CONTROL | |
| campo de control | 54443 |
| 003 - IDENTIFICADOR DE NÚMERO DE CONTROL | |
| campo de control | AR-BaAGN |
| 005 - FECHA Y HORA DE LA ÚLTIMA TRANSACCIÓN | |
| campo de control | 20240909125002.0 |
| 007 - CAMPO FIJO DE DESCRIPCIÓN FÍSICA--INFORMACIÓN GENERAL | |
| campo de control de longitud fija | ta |
| 008 - DATOS DE LONGITUD FIJA--INFORMACIÓN GENERAL | |
| campo de control de longitud fija | s ag |||||r|||| ||| ||spa d |
| 020 ## - NÚMERO INTERNACIONAL ESTÁNDAR DEL LIBRO | |
| Número Internacional Estándar del Libro | 978-987-45322-5-1 |
| 040 ## - FUENTE DE CATALOGACIÓN | |
| Centro catalogador/agencia de origen | AR-BaAGN |
| Lengua de catalogación | español |
| Normas de descripción | aacr |
| 942 ## - ELEMENTOS DE ENTRADA SECUNDARIOS (KOHA) | |
| Tipo de ítem Koha | Libro |
| Prefijo de la signatura | AGN |
| Suprimir en OPAC | No |
| 245 00 - MENCIÓN DEL TÍTULO | |
| Título | General Mosconi : |
| Resto del título | un lugar con identidad petrolera / |
| Mención de responsabilidad, etc. | Graciela Ciselli, Marcelo Hernández (dir. y comp.). |
| 250 ## - MENCION DE EDICION | |
| Mención de edición | 1a ed. |
| 260 ## - PUBLICACIÓN, DISTRIBUCIÓN, ETC. | |
| Lugar de publicación, distribución, etc. | Comodoro Rivadavia : |
| Nombre del editor, distribuidor, etc. | Biblioteca Popular Astra, |
| Fecha de publicación, distribución, etc. | 2019. |
| 300 ## - DESCRIPCIÓN FÍSICA | |
| Extensión | 220 p. : |
| Otras características físicas | foto byn, gráfico, mapa, tabla ; |
| Dimensiones | 21 cm. |
| 336 ## - TIPO DE CONTENIDO | |
| Código de tipo de contenido | texto |
| Fuente | rdacontent |
| 337 ## - TIPO DE MEDIO | |
| Código del tipo de medio | no mediado |
| Fuente | rdamedia |
| 338 ## - TIPO DE SOPORTE | |
| Código del tipo de soporte | volumen |
| Fuente | rdacarrier |
| 490 1# - MENCIÓN DE SERIE | |
| Mención de serie | Historia y Patrimonio Patagónico / |
| Designación de volumen o secuencia | 3 |
| 505 0# - NOTA DE CONTENIDO CON FORMATO | |
| Nota de contenido con formato | Prólogo / Patricia Sampaoli -- Introducción / Graciela Ciselli -- Capítulo 1: La puesta en valor del patrinomio industrial por las propias comunidades locales / Graciela Ciselli, Pía Acevedo Méndez -- Capítulo 2: La normativa municipal aplicable al patrimonio industrial. Desafíos a las comunidades / Graciela Ciselli, Marcelo Hernández, Antonella Duplatt -- Capítulo 3: Orígenes y trayectoria urbana de una comunidad petrolera estatal en Comodoro Rivadavia. El "KM 3": de campamento fiscal a barrio de la ciudad bajo jurisdicción municipal / Daniel Cabral Marques -- Capítulo 4: La administración de Y.P.F. y la construcción de una identidad empresarial (1930-1950) / María José González Bonorino -- Capítulo 5: La construcción de una red educativa. El Colegio Salesiano Deán Funes y la Escuela de Artes y Oficios / Ana Infeld, Graciela Ciselli -- Capítulo 6: Los clubes de Y.P.F. en Comodoro Rivadavia (1930-1955). ¿De la participación inducida a la identidad asumida? / Norma Lorenc -- Capítulo 7: Los espacios de recreación: el parque Saavedra / Graciela Ciselli -- Capítulo 8: El Centro de Jubilados y Pensionados de Y.P.F. Memoria, patrimonio y recreación en la tercera edad / Marina Curzio -- Capítulo 9: Marionetas con historia / Mariana Libenson -- Capítulo 10: A modo de cierre: el desafío de ser un barrio patrimonial / Marcelo Hernández. |
| 650 #4 - PUNTO DE ACCESO ADICIONAL DE MATERIA--TÉRMINO DE MATERIA | |
| Término de materia o nombre geográfico como elemento de entrada | PATRIMONIO |
| ID autoridades | 1890 |
| 650 #4 - PUNTO DE ACCESO ADICIONAL DE MATERIA--TÉRMINO DE MATERIA | |
| Término de materia o nombre geográfico como elemento de entrada | PETRÓLEO |
| ID autoridades | 2314 |
| 650 #4 - PUNTO DE ACCESO ADICIONAL DE MATERIA--TÉRMINO DE MATERIA | |
| Término de materia o nombre geográfico como elemento de entrada | HISTORIA INDUSTRIAL |
| ID autoridades | 1045 |
| 651 #4 - PUNTO DE ACCESO ADICIONAL DE MATERIA--NOMBRE GEOGRÁFICO | |
| Nombre geográfico | Comodoro Rivadavia (Chubut) |
| ID autoridades | 3794 |
| 700 1# - ENTRADA AGREGADA--NOMBRE PERSONAL | |
| Nombre de persona | Ciselli, Graciela, |
| Fechas asociadas al nombre | 1966- |
| ID autoridades | 8599 |
| Término indicativo de función/relación | compilador |
| -- | autor |
| -- | prologuista |
| -- | director de publicación |
| 700 1# - ENTRADA AGREGADA--NOMBRE PERSONAL | |
| Nombre de persona | González Bonorino, María José |
| ID autoridades | 8601 |
| Estado de retiro | Estado de pérdida | Fuente del sistema de clasificación o colocación | Estado de conservación | Biblioteca actual | Ubicación en estantería | Signatura topográfica completa | Código de barras | Tipo de ítem Koha |
|---|---|---|---|---|---|---|---|---|
| Clasificación Decimal Dewey | Biblioteca del Archivo General de la Nación | AGN - Biblioteca | AGN 22179 | 1018 | Libro |
